| 000 | 00775nam a2200265 a 4500 | ||
|---|---|---|---|
| 008 | |||
| 020 | _a070202645X (hbk. ) | ||
| 049 | _aMAIN | ||
| 090 |
_aRB111 _bBAL |
||
| 100 | _aBallinger, Anne. | ||
| 245 | 0 |
_aSaunders' pocket essentials of clinical medicine / _cAnne Ballinger and Stephen Patchett. |
|
| 246 | _aClinical medicine. | ||
| 250 | _a3rd ed. | ||
| 260 |
_aEdinburgh : _bSaunders, _c2003. |
||
| 300 |
_axx, 864 p. : _bill. ; _c18 cm. |
||
| 440 | _aSuanders' pocket essentials. | ||
| 500 | _aIncludes index. | ||
| 650 | 2 | _aClinical Medicine. | |
| 700 | 1 | _aPatchett, Stephen. | |
| 907 |
_a.b10270243 _b12-12-11 _c21-10-09 |
||
| 003 | |||
| 005 | 20230123124958.0 | ||
| 040 | _cNUST | ||
| 942 |
_cBOOKS _kRB111 _mBAL |
||
| 999 |
_c133599 _d133599 |
||